| 000 | 01160nam0a22002531 4500 | ||
|---|---|---|---|
| 001 | rc\1017179 | ||
| 005 | 20041129102432.0 | ||
| 035 | _a(NLR Aleph) 006182212 | ||
| 090 |
_a6077701 _c6077701 |
||
| 100 | _a20041129d1981 u |0rusy50 ca | ||
| 101 | 0 | _arus | |
| 102 | _aRU | ||
| 105 | _ay ||||||||| | ||
| 200 | 1 |
_aМетодические разработки по гинекологии _fМ-во здравоохранения УССР, Киев. мед. ин-т им. акад. А.А. Богомольца. Каф. акушества и гинекологии № 1 Лечеб. фак. _g[Под общ. ред. проф. Г.К. Степанковской] |
|
| 210 |
_aКиев _cКМИ _d1981 |
||
| 215 |
_a143 с. _d20 |
||
| 320 | _aБиблиогр. в конце тем | ||
| 702 | 1 |
_aСтепанковская _bГ. К. _gГалина Константиновна _4340 |
|
| 712 | 0 | 2 |
_aКиевский мед. ин-т им. А.А. Богомольца _bКафедра акушерства и генекологии _3RU\NLR\AUTH\889929184 |
| 801 | 0 |
_aRU _bNLR _gpsbo |
|
| 801 | 1 |
_aRU _bELAR _2rusmarc |
|
| 852 |
_aNLR _j82-3/4629 |
||
| 942 | _cBOOK | ||
| 980 | _aNB | ||